| 000 | 00572nam a2200193 i 4500 | ||
|---|---|---|---|
| 001 | bgj | ||
| 100 | 1 | _aBELL, A. Craig | |
| 245 | 1 | 0 |
_aByron : _bhis achievement and significance / _cA. Craig Bell. |
| 260 |
_aHarrogate, England : _bThe Grian-Aig Press, _c1976. |
||
| 300 |
_aXIV, 120 ; _c22 cm. |
||
| 504 | _aBibliography p.113. | ||
| 505 | _aIncludes indexes. | ||
| 600 | 1 | 9 | _aByron, George Gordon 1788-1824 |
| 650 | 9 |
_aPoetry in English _xCriticism and interpretation |
|
| 040 | _cBPK | ||
| 041 | 0 | _aeng | |
| 942 | _cKS | ||
| 008 | s uk f |000 0 eng | ||
| 999 |
_c47834 _d47834 |
||
| 856 |
_uhttp://koha.tu.koszalin.pl/cgi-bin/koha/opac-detail.pl?biblionumber=47834 _yKatalog online BPK |
||